[Event "Hamedan op 17th"]
[Site "Hamedan"]
[Date "2018.08.16"]
[Round "11"]
[White "Khatibi, Meysam"]
[Black "Bahrami Hezaveh, Navid"]
[Result "1-0"]
[WhiteElo "2233"]
[BlackElo "2024"]
[PlyCount "115"]
[EventDate "2018.08.09"]
[EventType "swiss"]
[EventRounds "11"]
[EventCountry "IRI"]
[SourceTitle "CBM 186 Extra"]
[Source "ChessBase"]
[SourceDate "2018.08.24"]
[SourceVersion "1"]
[SourceVersionDate "2018.08.24"]
[SourceQuality "1"]

1. e4 Nf6 2. Nc3 d5 3. exd5 Nxd5 4. Nf3 g6 5. Bc4 Nb6 6. Bb3 c5 7. Ne5 e6 8. Qf3 f6 9. Nc4 Bg7 10. Qe3 Nxc4 11. Bxc4 Qe7 12. 0-0 0-0 13. Nd5 Qd6 14. Nf4 Re8 15. Qg3 Qf8 16. Re1 Nc6 17. Nxe6 Bxe6 18. Rxe6 Rxe6 19. Bxe6+ Kh8 20. c3 Re8 21. Bc4 Re1+ 22. Bf1 Qe7 23. Qd3 Ne5 24. Qd5 Ng4 25. b3 Nxh2 26. Bb2 Rxa1 27. Bxa1 Nxf1 28. Kxf1 f5 29. Bb2 h5 30. Ba3 b6 31. d4 Qf6 32. dxc5 bxc5 33. Qxc5 Qxc3 34. Qxc3 Bxc3 35. Bc5 a6 36. Be3 Kg7 37. Ke2 Kf6 38. Kd3 Be1 39. f4 Bg3 40. b4 g5 41. fxg5+ Kg6 42. a4 Bb8 43. Ke2 f4 44. Bb6 Kxg5 45. Kf3 Kf5 46. b5 axb5 47. axb5 Ke5 48. Bd8 Kd5 49. b6 Kc6 50. Bc7 Bxc7 51. bxc7 Kxc7 52. Kxf4 Kd6 53. Kg5 Ke6 54. Kxh5 Ke5 55. Kg5 Ke6 56. Kg6 Ke7 57. g4 Ke6 58. g5 1-0

[Event "Hamedan op 17th"]
[Site "Hamedan"]
[Date "2018.08.15"]
[Round "10"]
[White "Bahrami Hezaveh, Navid"]
[Black "Khoshkalam, Seyed Mehrab"]
[Result "0-1"]
[WhiteElo "2024"]
[BlackElo "2182"]
[PlyCount "102"]
[EventDate "2018.08.09"]
[EventType "swiss"]
[EventRounds "11"]
[EventCountry "IRI"]
[SourceTitle "CBM 186 Extra"]
[Source "ChessBase"]
[SourceDate "2018.08.24"]
[SourceVersion "1"]
[SourceVersionDate "2018.08.24"]
[SourceQuality "1"]

1. Nf3 Nf6 2. g3 g6 3. Bg2 Bg7 4. 0-0 0-0 5. d4 d6 6. b3 c5 7. Bb2 cxd4 8. Nxd4 Qc7 9. c4 Nc6 10. Nc3 Bd7 11. e4 Nxd4 12. Qxd4 Bc6 13. Rfe1 Qa5 14. Qd2 Nd7 15. Rad1 Rfe8 16. a3 Qh5 17. Ne2 Bxb2 18. Qxb2 Rac8 19. Rd2 b5 20. cxb5 Qxb5 21. Nd4 Qa6 22. Bf1 Qb7 23. Bh3 e6 24. Nxc6 Rxc6 25. Bg2 Rb8 26. b4 a5 27. Red1 axb4 28. axb4 Ne5 29. Rd4 Qb6 30. Qe2 Rbc8 31. h3 Nc4 32. Bf1 e5 33. Rxc4 Rxc4 34. Qxc4 Rxc4 35. Bxc4 Qxb4 36. Bd5 Qb2 37. Kg2 Kg7 38. Rd3 f5 39. g4 Qc2 40. Re3 fxe4 41. Bxe4 Qc4 42. Bf3 Kf6 43. Be2 Qc6+ 44. Bf3 d5 45. g5+ Kf5 46. Kg3 e4 47. Bd1 Kxg5 48. h4+ Kf5 49. Bg4+ Ke5 50. Ra3 Qc1 51. f4+ Qxf4+ 0-1